| 000 | 01384nam a22002537a 4500 | ||
|---|---|---|---|
| 999 |
_c58613 _d58613 |
||
| 003 | Ge_BSU | ||
| 005 | 20220614131710.0 | ||
| 008 | 220614s2014 ge ||||| |||| 00| 0 geo d | ||
| 020 | _a9789941073496 | ||
| 041 | _ageo | ||
| 080 | _a329.14 321.7 ს-74 | ||
| 245 |
_aსოციალური სახელმწიფო და სოციალური დემოკრატია / _cალექსანდრე პეტრინგი და სხვები. |
||
| 264 |
_aთბილისი : _bფრიდრიხ ებერტის ფონდი, _c2014. |
||
| 300 |
_a156 გვ. : _bსურ. ; _c22 სმ. |
||
| 490 |
_aსოციალური დემოკრატიის კურსი ; _v3 |
||
| 504 | _aბიბლიოგრ.: გვ. 149-153. | ||
| 653 | _aსოციალური დემოკრატია. | ||
| 653 | _aპოლიტიკური პარტიები. | ||
| 700 |
_aპეტრინგი, ა. (ალექსანდრე) _eავტორი _914079 |
||
| 700 |
_aბუზემაიერი, მ. (მარიუს) _eავტორი _914080 |
||
| 700 |
_aდამი, ი. (იოჰენ) და სხვ. _eავტორი _914081 |
||
| 856 |
_uhttps://library.fes.de/pdf-files/bueros/georgien/12745.pdf _yელ. ვერსია pdf |
||
| 942 |
_2udc _cBK |
||